| 000 | 00857nam a2200229Ia 4500 | ||
|---|---|---|---|
| 003 | OSt | ||
| 005 | 20220923213025.0 | ||
| 006 | a|||||r|||| 00| 0 | ||
| 007 | ta | ||
| 008 | 220922b |||||||| |||| 00| 0 hin d | ||
| 024 | _a158,393 | ||
| 037 | _cTextual | ||
| 040 |
_aARTS _cARTS _bhin |
||
| 041 |
_2hin _ahin |
||
| 082 | _aO152:1xN5, K6 | ||
| 100 | _aसिसौदिया, मलखान ंिसंह, संपा. | ||
| 245 | 0 |
_aतीन संगीत _b नये पुराने कवियों के काव्य का प्रतिनिध संकलन |
|
| 246 | _aTīn sangīta: naye purāne kaviyoan ke kāvya kā pratinidh sankalana | ||
| 260 | _c1966 | ||
| 942 |
_hO152:1xN5, K6 _cTEXL _2CC |
||
| 999 |
_c313192 _d313192 |
||